000
00321nam a2200157Ia 4500
100
_a
Banker/Ashok K
650
_a
Fiction
942
_c
BK
366
_f
25
245
_a
Flute of Vrindavan
260
_b
Harper collins
_c
2011
082
_a
808.3
_b
BAN
300
_a
241
546
_a
ENGLISH
_c
Computers
999
_c
21303
_d
21303